01171 am a2200313ua 4500999001700000001001000017003000900027005001700036008004100053020001500094020001500109040003100124082002100155245009700176264004400273264001000317300004000327336002600367337002800393338002700421504005100448505005300499650006400552650005500616653001900671655002400690942001200714952013100726 c28598d28569006776904EG-ScBUE20200825122150.0990802t1998 nyua f b 001 0 eng d a0070245770 a0079136141 aUkbengerdacUkdEG-ScBUE04a363.179bGEN22200aGenium's handbook of safety, health and environmental databfor common hazardous substances. 1aNew York, N. Y. :bMcGraw-Hill,c[1999] 4cc1999 a3 volumes :billustrations ;c29 cm atext2rdacontentbtxt aunmediated2rdamediabn avolume2rdacarrierbnc aIncludes bibliographical references and index.0 aContents: Vol.1 A-G. - Vol.2 H-Z. - Vol.3 Index. 7aChemicalsxSafety measuresvHandbooks, manuals, etc.2BUEsh 7aIndustrial safetyvHandbooks, manuals, etc.2BUEsh bGGENcJuly2020 vReading book934232 2ddccBB 00102ddc40708BaccahaMAINbMAINc1STd2020-08-25ePurchasel0o363.179 GENp000049492r2025-07-15 00:00:00w2020-08-25yBB